|
|
|
|
| LEADER |
01311nam a2200289 u 4500 |
| 001 |
10109851 |
| 003 |
upatras |
| 005 |
20230519092607.0 |
| 008 |
130529s1975 us eng |
| 020 |
|
|
|a 9780195018240
|
| 040 |
|
|
|a GR-PaULI
|c GR-PaULI
|
| 041 |
0 |
|
|a eng
|
| 082 |
0 |
4 |
|a 727.3
|
| 100 |
1 |
|
|a Alexander, Christopher
|d 1936-
|4 aut
|9 6691
|
| 245 |
1 |
0 |
|a The Oregon experiment
|c Christopher Alexander...[et al.]
|
| 260 |
|
|
|a New York
|b Oxford University Press
|c 1975
|
| 300 |
|
|
|a 191 p.
|b ill.
|c 21 cm.
|
| 490 |
0 |
|
|a Center for Environmental Structure series
|v 3
|
| 610 |
2 |
4 |
|a University of Oregon
|x Κτίρια
|9 133331
|
| 650 |
|
4 |
|a Αρχιτεκτονική
|x Εκπαιδευτικά κτήρια
|z Ηνωμένες Πολιτείες Αμερικής
|z Όρεγκον
|9 133332
|
| 650 |
|
4 |
|a Πανεπιστήμια
|z Ηνωμένες Πολιτείες Αμερικής
|z Όρεγκον
|9 133333
|
| 760 |
0 |
|
|a Center for Environmental Structure series
|g 3
|
| 852 |
|
|
|a GR-PaULI
|b ΠΑΤΡΑ
|b ΑΡΧΙΤΕΚΤΟΝΙΚΗ
|k ΑΣΧΞ-2
|h 727.3 ALE
|m 007368
|p 025000181500
|t 1
|
| 942 |
|
|
|2 ddc
|c BK15
|
| 952 |
|
|
|0 0
|1 0
|4 0
|6 727_300000000000000_ALE
|7 0
|9 154882
|a ARCH
|b ARCH
|d 2016-04-24
|i 007368
|l 0
|o 727.3 ALE
|p 025000181500
|r 2016-04-24 00:00:00
|t 1
|w 2016-04-24
|y BK15
|
| 998 |
|
|
|c Κηπουργού
|d 2013-05
|
| 999 |
|
|
|c 98324
|d 98324
|